Twinsectra Ltd v Jones (Record no. 54926)

MARC details
000 -LEADER
fixed length control field 01637cab a2200277 4500
001 - CONTROL NUMBER
control field ABS58926
008 - FIXED-LENGTH DATA ELEMENTS--GENERAL INFORMATION
fixed length control field 090401t1998 xxu||||| |||| 00| 0 eng d
035 ## - SYSTEM CONTROL NUMBER
System control number (Sirsi) u87139
041 ## - LANGUAGE CODE
Language code of text/sound track or separate title eng
245 ## - TITLE STATEMENT
Title Twinsectra Ltd v Jones
260 ## - PUBLICATION, DISTRIBUTION, ETC.
Date of publication, distribution, etc. 1998
350 ## - PRICE (NR) (BK AM CF MU VM SE) [OBSOLETE]
Price 0
490 ## - SERIES STATEMENT
Series statement Estates Gazette
Volume/sequential designation (1998) 23 EG 134-143(10)
520 ## - SUMMARY, ETC.
Summary, etc. LT 27 May 1998. In a previous case "Kay-Green v Twinsectra Ltd" (1996) (Abs55835) the validity of a purchase notice served by the appellant landlords (T) was upheld in repsect of buildings divided into flats. These flats were held on long leases with rights over gardens and amenity land in favour of the landlords but in 1993 T served notices terminating these rights. In 1997 the LVT determined the price payable for the freeholds at £100,165, see "Kay-Green v Twinsectra Ltd" (1997) Abs57169). The landlord appealed on the grounds that the freeholds should not have been valued on the basis of the tenats holding perpetual rights over the garden and land. The nominated oerson also contended that the LVT was wrong to include the vacant possession value of a flat which had become vacant on the death of a regulated tenant after the service of the pruchase notice. Both appeals were dismissed.
650 ## - SUBJECT ADDED ENTRY--TOPICAL TERM
Topical term or geographic name entry element AMENITY LAND
650 ## - SUBJECT ADDED ENTRY--TOPICAL TERM
Topical term or geographic name entry element FREEHOLD VALUATION
650 ## - SUBJECT ADDED ENTRY--TOPICAL TERM
Topical term or geographic name entry element GARDENS
650 ## - SUBJECT ADDED ENTRY--TOPICAL TERM
Topical term or geographic name entry element KAY-GREEN AND OTHERS V TWINSECTRA LTD
650 ## - SUBJECT ADDED ENTRY--TOPICAL TERM
Topical term or geographic name entry element LANDLORD AND TENANT ACT 1987 S12
650 ## - SUBJECT ADDED ENTRY--TOPICAL TERM
Topical term or geographic name entry element PERPETUAL RIGHTS
650 ## - SUBJECT ADDED ENTRY--TOPICAL TERM
Topical term or geographic name entry element PURCHASE NOTICE
650 ## - SUBJECT ADDED ENTRY--TOPICAL TERM
Topical term or geographic name entry element TWINSECTRA LTD V JONES
690 ## - LOCAL SUBJECT ADDED ENTRY--TOPICAL TERM (OCLC, RLIN)
Topical term or geographic name as entry element LANDLORD AND TENANT-CASE LAW-RESIDENTIAL TENANCIES
942 ## - ADDED ENTRY ELEMENTS (KOHA)
Suppress in OPAC 0
948 ## - LOCAL PROCESSING INFORMATION (OCLC); SERIES PART DESIGNATOR (RLIN)
c (OCLC) 02/07/1998
Holdings
Withdrawn status Lost status Source of classification or shelving scheme Damaged status Not for loan Home library Current library Shelving location Date acquired Total Checkouts Full call number Barcode Date last seen Copy number Price effective from Koha item type
    Dewey Decimal Classification     London London Journal article 14/09/1999   ABS58926 87139-1001 06/08/2019 1 06/08/2019 Law report